000 nam a22 7a 4500
999 _c8080
_d8080
008 171127b xxu||||| |||| 00| 0 eng d
100 _aKriszten.A.
_94526
245 _aWege zur mathemasit
260 _aSwitzerland
_c1980